000 00620nam a22001577a 4500
008 170809b xxu||||| |||| 00| 0 eng d
082 _22015
_aUT 0816
_bB64
100 _921795
_aBorja, Joy Anthony.
245 _aLevel of Occurrence and the Effect of Black Bugs in Selected Areas of Davao del Sur/
_cJoy Anthony Borja, Anecito B. Lutang Jr and Harvey Jay Verano.
260 _aDigos City:
_bUMDC
_cOctober 2015.
300 _a41 pages;
_c30 cm.
650 0 _921796
_aEducation
_vBiological Science
_xUndergraduate thesis.
700 _921797
_aLutang, Anecito Jr B.
700 _921798
_aVerano, Harvey Jay.
942 _2ddc
_cUT
999 _c7200
_d7200